[Event "Lloyds Bank Masters 2nd"]
[Site "London, Cumberland Hotel"]
[Date "1978.08.31"]
[Round "10.22"]
[White "Westerinen, Heikki MJ"]
[Black "Branford, John W"]
[Result "1-0"]
[WhiteElo "2450"]
[BlackElo "2105"]
[PlyCount "100"]
[EventDate "1978.08.24"]
[EventType "swiss"]
[EventRounds "10"]
[EventCountry "ENG"]
[SourceTitle "BritBase"]
[Source "John Saunders"]
[SourceDate "2023.12.16"]
[SourceVersion "1"]
[SourceVersionDate "2023.12.16"]
[SourceQuality "1"]

1. e4 e6 2. d4 d5 3. Nc3 Bb4 4. e5 c5 5. a3 Bxc3+ 6. bxc3 Ne7 7. Nf3 Qc7 8. h4
h6 9. h5 b6 10. Bb5+ Bd7 11. Bd3 Nbc6 12. Kf1 c4 13. Be2 O-O-O 14. Rh4 Rdg8 15.
Rf4 Rf8 16. Nh4 Qd8 17. Bg4 g5 18. hxg6 Nxg6 19. Nxg6 fxg6 20. Qf3 g5 21. Rxf8
Qxf8 22. Qh3 Nd8 23. Kg1 h5 24. Bd1 g4 25. Qh4 Qf5 26. Qf6 Rg8 27. Qxf5 exf5
28. g3 Ba4 29. Rb1 Kc7 30. Rb4 Bc6 31. Be2 Ne6 32. Bf1 Kd7 33. Bg2 Nc7 34. Kf1
Ke6 35. Rb1 Ba4 36. Rb2 b5 37. Ke2 a5 38. Be3 Rh8 39. Bg5 Rg8 40. Bf6 Rb8 41.
Kd2 Na6 42. Ra2 Rb7 43. Ra1 Rb8 44. Rh1 b4 45. axb4 axb4 46. cxb4 Nxb4 47. Rxh5
Nxc2 48. Rh7 Re8 49. Ra7 Bb3 50. Ra6+ Kd7 1-0

[Event "Lloyds Bank Masters 2nd"]
[Site "London, Cumberland Hotel"]
[Date "1978.08.31"]
[Round "10.23"]
[White "Forintos, Gyozo Victor"]
[Black "Hawksworth, John C"]
[Result "1-0"]
[WhiteElo "2435"]
[BlackElo "2065"]
[PlyCount "59"]
[EventDate "1978.08.24"]
[EventType "swiss"]
[EventRounds "10"]
[EventCountry "ENG"]
[SourceTitle "BritBase"]
[Source "John Saunders"]
[SourceDate "2023.12.16"]
[SourceVersion "1"]
[SourceVersionDate "2023.12.16"]
[SourceQuality "1"]

1. d4 e6 2. c4 Nf6 3. Nc3 Bb4 4. Qc2 b6 5. Bg5 Bb7 6. f3 c5 7. a3 Bxc3+ 8. bxc3
d6 9. Rd1 Qe7 10. e3 Nbd7 11. Bd3 h6 12. Bh4 g5 13. Bf2 e5 14. Bf5 e4 15. f4
Rg8 16. Ne2 Nh5 17. fxg5 hxg5 18. Ng3 Nhf6 19. Qa4 Kf8 20. O-O Kg7 21. Bxd7
Qxd7 22. Qxd7 Nxd7 23. Nf5+ Kh7 24. Nxd6 Ba6 25. Bg3 Raf8 26. Rf5 f6 27. h3 Kg6
28. Rdf1 Rh8 29. R1f2 Kg7 30. a4 1-0

[Event "Lloyds Bank Masters 2nd"]
[Site "London, Cumberland Hotel"]
[Date "1978.08.31"]
[Round "10.24"]
[White "Flesch, Janos"]
[Black "Dymond, Michael John"]
[Result "1-0"]
[WhiteElo "2435"]
[BlackElo "2040"]
[PlyCount "95"]
[EventDate "1978.08.24"]
[EventType "swiss"]
[EventRounds "10"]
[EventCountry "ENG"]
[SourceTitle "BritBase"]
[Source "John Saunders"]
[SourceDate "2023.12.16"]
[SourceVersion "1"]
[SourceVersionDate "2023.12.16"]
[SourceQuality "1"]

1. Nf3 d6 2. d4 g6 3. c4 Bg7 4. Nc3 Nf6 5. g3 O-O 6. Bg2 Nbd7 7. O-O e5 8. e4
c6 9. Rb1 a5 10. Qc2 Qc7 11. dxe5 dxe5 12. Na4 Ne8 13. c5 b5 14. cxb6 Nxb6 15.
Nxb6 Qxb6 16. Be3 Qc7 17. Rfc1 Bb7 18. Qb3 Nd6 19. Qb6 Qb8 20. Bc5 a4 21. Qb4
Rd8 22. Rd1 Nb5 23. Bb6 Rxd1+ 24. Rxd1 Qe8 25. Bh3 Bf8 26. Bc5 Rd8 27. Rxd8
Qxd8 28. Bxf8 Qxf8 29. Qxf8+ Kxf8 30. Nxe5 a3 31. bxa3 Nxa3 32. Nd7+ Ke7 33.
Nc5 Ba8 34. e5 f6 35. exf6+ Kxf6 36. f4 h6 37. Bf1 g5 38. fxg5+ Kxg5 39. Ba6
Nb5 40. a4 Nc7 41. Bc8 Kf6 42. a5 Ke5 43. a6 Kd5 44. Na4 c5 45. Nb6+ Kd4 46.
Nxa8 Nxa8 47. Bb7 Nb6 48. Kf2 1-0

[Event "Lloyds Bank Masters 2nd"]
[Site "London, Cumberland Hotel"]
[Date "1978.08.31"]
[Round "10.25"]
[White "Crouch, Colin S"]
[Black "Ginsburg, Mark"]
[Result "1/2-1/2"]
[WhiteElo "2300"]
[BlackElo "2335"]
[PlyCount "44"]
[EventDate "1978.08.24"]
[EventType "swiss"]
[EventRounds "10"]
[EventCountry "ENG"]
[SourceTitle "BritBase"]
[Source "John Saunders"]
[SourceDate "2023.12.16"]
[SourceVersion "1"]
[SourceVersionDate "2023.12.16"]
[SourceQuality "1"]

1. e4 c5 2. c3 g6 3. d4 cxd4 4. cxd4 d5 5. exd5 Nf6 6. Nc3 Nxd5 7. Bc4 Nb6 8.
Bb3 Bg7 9. Nf3 O-O 10. O-O Bg4 11. d5 N8d7 12. h3 Bxf3 13. Qxf3 Rc8 14. d6 exd6
15. Qxb7 Nc5 16. Qf3 Qf6 17. Qxf6 Bxf6 18. Nb5 d5 19. Be3 Bxb2 20. Rab1 Be5 21.
Nxa7 Rc7 22. Nb5 Rcc8 {Source: https://nezhmet.wordpress.com/tag/
lloyds-bank-chess/ Contributed by Andy Ansel} 1/2-1/2

[Event "Lloyds Bank Masters 2nd"]
[Site "London, Cumberland Hotel"]
[Date "1978.08.31"]
[Round "10.40"]
[White "Albrecht, Rainer"]
[Black "Harding, Timothy David"]
[Result "1/2-1/2"]
[WhiteElo "2120"]
[BlackElo "2230"]
[PlyCount "21"]
[EventDate "1978.08.24"]
[EventType "swiss"]
[EventRounds "10"]
[EventCountry "ENG"]
[SourceTitle "Tim Harding"]
[Source "Tim Harding"]
[SourceDate "2023.12.23"]
[SourceVersion "1"]
[SourceVersionDate "2023.12.23"]
[SourceQuality "1"]

1. e4 e6 2. d4 d5 3. Nd2 Be7 4. c3 dxe4 5. Nxe4 Nf6 6. Bd3 Nbd7 7. Nf3 O-O 8.
O-O b6 9. Qe2 Bb7 10. Nxf6+ Bxf6 11. Bf4 {Source: Tim Harding personal
database. My opponent (from Berlin) also wanted an early finish and so I
finished on 4.5/10. Why I preserved all these wretched games and lost the
scores of many better or more important ones is I cannot fathom.} 1/2-1/2

[Event "Lloyds Bank Masters 2nd"]
[Site "London, Cumberland Hotel"]
[Date "1978.08.31"]
[Round "10.43"]
[White "Harman, Ronald FA"]
[Black "Yeo, Michael J"]
[Result "1/2-1/2"]
[WhiteElo "2070"]
[BlackElo "2205"]
[PlyCount "108"]
[EventDate "1978.08.24"]
[EventType "swiss"]
[EventRounds "10"]
[EventCountry "ENG"]
[SourceTitle "BritBase"]
[Source "John Saunders"]
[SourceDate "2023.12.16"]
[SourceVersion "1"]
[SourceVersionDate "2023.12.16"]
[SourceQuality "1"]

1. e4 e5 2. Nf3 Nc6 3. Bb5 a6 4. Ba4 d6 5. O-O Bg4 6. c3 Qf6 7. Bxc6+ bxc6 8.
d4 Bxf3 9. Qxf3 Qxf3 10. gxf3 f5 11. dxe5 dxe5 12. f4 exf4 13. Bxf4 fxe4 14.
Re1 Bd6 15. Rxe4+ Kd7 16. Nd2 Nf6 17. Rd4 c5 18. Rc4 Kc6 19. Be3 Nd7 20. Rg4
Ne5 21. Rg5 Rab8 22. b3 g6 23. f4 Nf7 24. Rg2 Nh6 25. Nc4 Nf5 26. Bd2 Rhe8 27.
Rf2 Re4 28. Re1 Rbe8 29. Rxe4 Rxe4 30. Kg2 Kd5 31. Kf3 h5 32. Ne3+ Nxe3 33.
Bxe3 Re8 34. c4+ Kc6 35. Rg2 Re6 36. Rg5 Be7 37. Rd5 Bf8 38. f5 Rf6 39. Ke4 h4
40. h3 Bd6 41. Bf2 a5 42. a4 Rf8 43. Be3 gxf5+ 44. Rxf5 Rb8 45. Rh5 Rxb3 46.
Rxh4 Ra3 47. Bd2 Rxa4 48. Kd3 Be5 49. Rh6+ Kb7 50. h4 Ra3+ 51. Ke4 Bd6 52. h5
a4 53. Rg6 Rh3 54. h6 a3 {Source: Michael Yeo. Contributed, 14 July 2021}
1/2-1/2

[Event "Lloyds Bank Masters 2nd"]
[Site "London, Cumberland Hotel"]
[Date "1978.08.31"]
[Round "10.51"]
[White "Henshaw, John C"]
[Black "Andrade, M"]
[Result "1-0"]
[WhiteElo "2215"]
[BlackElo "1800"]
[PlyCount "99"]
[EventDate "1978.08.24"]
[EventType "swiss"]
[EventRounds "10"]
[EventCountry "ENG"]
[SourceTitle "BritBase"]
[Source "John Saunders"]
[SourceDate "2023.12.16"]
[SourceVersion "1"]
[SourceVersionDate "2023.12.16"]
[SourceQuality "1"]

1. e4 e6 2. Nc3 d5 3. Nf3 dxe4 4. Nxe4 Nf6 5. Nxf6+ Qxf6 6. d4 h6 7. Bd3 Bd6 8.
Qe2 Nd7 9. O-O Nb6 10. c4 Bf4 11. Qe4 Bxc1 12. Raxc1 g6 13. Ne5 O-O 14. Rfe1 c6
15. h4 Qg7 16. Qe3 Rd8 17. Rcd1 Bd7 18. b3 Be8 19. Bb1 Nc8 20. Ng4 h5 21. Ne5
Ne7 22. Qf4 Nf5 23. Bxf5 gxf5 24. Rd3 Kh7 25. Nf3 b5 26. Red1 f6 27. Nh2 e5 28.
dxe5 Rxd3 29. Rxd3 fxe5 30. Qd2 bxc4 31. bxc4 e4 32. Rd6 Rb8 33. g3 Rb7 34. Qf4
Bg6 35. Rxc6 Qa1+ 36. Kg2 Qxa2 37. Nf1 Rg7 38. Ne3 Qe2 39. Nd5 Qf3+ 40. Qxf3
exf3+ 41. Kxf3 Rb7 42. Kf4 a5 43. Ra6 Rb2 44. Kg5 Bf7 45. Rxa5 Bxd5 46. Rxd5
Rxf2 47. Rxf5 Rg2 48. Kf4 Rc2 49. Rxh5+ Kg6 50. Rg5+ {Source: J C Henshaw via
Brian Denman, contributed 21 July 2021} 1-0